Los (Record no. 8217)

MARC details
000 -LEADER
campo de control de longitud fija 00381nam a2200145Ia 4500
001 - NÚMERO DE CONTROL
campo de control 3091
008 - DATOS DE LONGITUD FIJA--INFORMACIÓN GENERAL
campo de control de longitud fija 241024s9999 xx 000 0 und d
020 ## - NÚMERO INTERNACIONAL ESTÁNDAR DEL LIBRO
Número Internacional Estándar del Libro 978-9945-8856-8-2
082 ## - NÚMERO DE LA CLASIFICACIÓN DECIMAL DEWEY
Número de clasificación RD/507.04/R426f/6
100 ## - ENTRADA PRINCIPAL--NOMBRE DE PERSONA
Nombre de persona República Dominicana. Ministerio de Educación (MINERD)
245 #0 - MENCIÓN DEL TÍTULO
Título Los
260 ## - PUBLICACIÓN, DISTRIBUCIÓN, ETC.
Nombre del editor, distribuidor, etc. Santo Domingo
Fecha de publicación, distribución, etc. 2013
901 ## - ELEMENTOS DE DATOS A LOCAL LDA (RLIN)
a 25/7/2013 12:44:45 p.m.

No items available.

© 2024. Todos los Derechos Reservados. Desarrollado por IDEICE